[Event "Niederoesterreichische Landesliga"]
[Site "Verschiedene"]
[Date "2019.01.27"]
[Round "7"]
[Board "1"]
[White "Khalakhan, Jurij"]
[Black "Kleiser, Gregor"]
[Result "1-0"]
[WhiteElo "2219"]
[BlackElo "2192"]
[PlyCount "77"]
[EventDate "2018.09.30"]
[EventType "team"]
[EventRounds "11"]
[EventCountry "AUT"]
[WhiteTeam "SGM Litschau/Eisgarn"]
[BlackTeam "SGM Voest Krems"]

1. e4 c5 2. Nf3 e6 3. b3 d5 4. exd5 Qxd5 5. Nc3 Qd8 6. Bb2 Nf6 7. Qe2 Nc6 8.
O-O-O Be7 9. Kb1 O-O 10. g4 Nxg4 11. Rg1 e5 12. h3 Nd4 13. Nxd4 exd4 14. hxg4
dxc3 15. dxc3 Qc7 16. f4 Bd6 17. f5 Bd7 18. c4 Bc6 19. g5 Bh2 20. Rg4 Rad8 21.
Rxd8 Rxd8 22. g6 hxg6 23. fxg6 Re8 24. Qf2 fxg6 25. Rxg6 Be5 26. Qxc5 Bxb2 27.
Kxb2 Qf4 28. Bh3 Re5 29. Qd6 Kh7 30. Re6 Re4 31. Bg2 Rd4 32. Qxf4 Rxf4 33. Bxc6
bxc6 34. Rxc6 g5 35. Rd6 g4 36. c5 g3 37. c6 Rf7 38. Rd7 g2 39. Rxf7+  1-0

[Event "Niederoesterreichische Landesliga"]
[Site "Verschiedene"]
[Date "2019.01.27"]
[Round "7"]
[Board "2"]
[White "Schueller, Ernst"]
[Black "Bauer, Thomas"]
[Result "0-1"]
[WhiteElo "2192"]
[BlackElo "2171"]
[PlyCount "96"]
[EventDate "2018.09.30"]
[EventType "team"]
[EventRounds "11"]
[EventCountry "AUT"]
[WhiteTeam "SGM Voest Krems"]
[BlackTeam "SGM Litschau/Eisgarn"]

1. Nf3 g6 2. d4 Bg7 3. c3 Nf6 4. Bg5 O-O 5. Nbd2 d6 6. Bxf6 Bxf6 7. e3 c6 8.
Bd3 e5 9. O-O Qe7 10. dxe5 dxe5 11. e4 Nd7 12. a4 Nc5 13. Bc4 a5 14. Re1 Bg4
15. h3 Bd7 16. Bf1 Rfd8 17. Qc2 Ne6 18. Nc4 Nf4 19. Nb6 Rab8 20. Nxd7 Rxd7 21.
g3 Ne6 22. Red1 Rbd8 23. Rxd7 Qxd7 24. Kg2 Ng5 25. Nxg5 Bxg5 26. Bc4 Qd2 27.
Qb3 Be3 28. Rf1 Rd7 29. Kf3 Bc5 30. Be2 Rd6 31. Qc4 b6 32. b3 Kg7 33. Kg2 Qc2
34. h4 h5 35. Re1 Rf6 36. Rf1 Qb2 37. Bf3 Rd6 38. Kh3 Rd2 39. Bg2 Rc2 40. Qd3
Qxb3 41. Qd7 Rxc3 42. Kh2 Rc2 43. Qc7 Bd4 44. Bh3 Qf3 45. Bg2 Qd3 46. Qd8 Qc3
47. Rd1 c5 48. Rb1 Bxf2  0-1

[Event "Niederoesterreichische Landesliga"]
[Site "Verschiedene"]
[Date "2019.01.27"]
[Round "7"]
[Board "3"]
[White "Wagner, Stefan"]
[Black "Woeber, Friedrich"]
[Result "1/2-1/2"]
[WhiteElo "2146"]
[BlackElo "2134"]
[PlyCount "21"]
[EventDate "2018.09.30"]
[EventType "team"]
[EventRounds "11"]
[EventCountry "AUT"]
[WhiteTeam "SGM Litschau/Eisgarn"]
[BlackTeam "SGM Voest Krems"]

1. c4 e6 2. g3 Nf6 3. Bg2 d5 4. Nf3 Be7 5. O-O O-O 6. b3 b6 7. Bb2 Bb7 8. d3 c5
9. e3 Nc6 10. Qe2 Qc7 11. Nc3  1/2-1/2

[Event "Niederoesterreichische Landesliga"]
[Site "Verschiedene"]
[Date "2019.01.27"]
[Round "7"]
[Board "4"]
[White "Wallner, Erich"]
[Black "Plasil, Jiri"]
[Result "1-0"]
[WhiteElo "2223"]
[BlackElo "2048"]
[PlyCount "81"]
[EventDate "2018.09.30"]
[EventType "team"]
[EventRounds "11"]
[EventCountry "AUT"]
[WhiteTeam "SGM Voest Krems"]
[BlackTeam "SGM Litschau/Eisgarn"]

1. d4 d5 2. Nf3 e6 3. Bf4 f5 4. e3 Nf6 5. Bd3 Nbd7 6. O-O Be7 7. Nbd2 O-O 8. c3
Ne4 9. Ne5 c6 10. f3 Nxd2 11. Qxd2 Nxe5 12. Bxe5 Bf6 13. Bxf6 Qxf6 14. e4 Bd7
15. Rae1 Rae8 16. exf5 exf5 17. f4 Rxe1 18. Rxe1 Re8 19. Rxe8+ Bxe8 20. Qe3 Bf7
21. Qe5 Qxe5 22. fxe5 Be6 23. h4 g6 24. Kf2 Kg7 25. Ke3 h6 26. Kf4 Kf7 27. a4
b6 28. Ba6 Ke7 29. b4 Bd7 30. Bb7 Ke6 31. Ba6 Ke7 32. Bd3 Kf7 33. Be2 h5 34.
Kg5 Be8 35. Ba6 Ke6 36. g3 c5 37. a5 cxb4 38. cxb4 bxa5 39. bxa5 Bf7 40. Bc8+
Ke7 41. e6  1-0

[Event "Niederoesterreichische Landesliga"]
[Site "Verschiedene"]
[Date "2019.01.27"]
[Round "7"]
[Board "1"]
[White "Bernasek, Jan"]
[Black "Hofegger, Jakob"]
[Result "1-0"]
[WhiteElo "2477"]
[BlackElo "2128"]
[PlyCount "119"]
[EventDate "2018.09.30"]
[EventType "team"]
[EventRounds "11"]
[EventCountry "AUT"]
[WhiteTeam "SK Zwettl"]
[BlackTeam "SK Advisory Invest Baden"]

1. Nf3 Nf6 2. b3 g6 3. Bb2 Bg7 4. c4 O-O 5. g3 d6 6. Bg2 e5 7. O-O Nbd7 8. d4
Qe7 9. Qc2 Re8 10. e3 e4 11. Nfd2 Nf8 12. Nc3 Bf5 13. d5 h5 14. Nb5 N8h7 15.
Nd4 Bd7 16. Rac1 c5 17. dxc6 bxc6 18. c5 d5 19. b4 a6 20. N2b3 h4 21. Na5 Rec8
22. Bc3 hxg3 23. fxg3 Ng4 24. Qe2 Qg5 25. Rf4 Ne5 26. Rcf1 Qe7 27. h4 Ra7 28.
h5 Ng5 29. hxg6 fxg6 30. Qd1 Nd3 31. Rh4 Be5 32. Qb3 Kg7 33. a4 Rac7 34. Rff4
Rh8 35. Rxh8 Kxh8 36. Bf1 Nxf4 37. exf4 Bg7 38. fxg5 Qxg5 39. Bb2 Qd2 40. Qc3
Qd1 41. Nab3 Rb7 42. b5 axb5 43. a5 Ra7 44. Qe3 Kg8 45. Bc3 Bh3 46. Qe1 Qxe1
47. Bxe1 Bd7 48. Bf2 Bf6 49. Nxb5 Rb7 50. a6 Rb8 51. Nc7 Be5 52. a7 Bxc7 53.
axb8=Q+ Bxb8 54. Be2 Kf7 55. Kg2 Ke7 56. Be3 Be5 57. Nd4 Kf6 58. Bd1 Bc7 59.
Ba4 Ba5 60. Bxc6  1-0

[Event "Niederoesterreichische Landesliga"]
[Site "Verschiedene"]
[Date "2019.01.27"]
[Round "7"]
[Board "2"]
[White "Geismann, Bernhard"]
[Black "Vyskocil, Neklan"]
[Result "1/2-1/2"]
[WhiteElo "2038"]
[BlackElo "2315"]
[PlyCount "127"]
[EventDate "2018.09.30"]
[EventType "team"]
[EventRounds "11"]
[EventCountry "AUT"]
[WhiteTeam "SK Advisory Invest Baden"]
[BlackTeam "SK Zwettl"]

1. Nc3 c5 2. Nf3 g6 3. d4 cxd4 4. Nxd4 Bg7 5. Bg5 Nc6 6. Ndb5 Kf8 7. e3 a6 8.
Nd4 Nxd4 9. exd4 Qb6 10. Be3 Qxb2 11. Nd5 Qa3 12. Qd2 Nf6 13. Nxf6 Bxf6 14.
Bh6+ Kg8 15. Be2 d5 16. O-O Bg7 17. c4 e6 18. Rfe1 Qf8 19. Bf4 dxc4 20. Bf3 Qd8
21. Rad1 h5 22. Qc2 Qf6 23. Be5 Qe7 24. Qxc4 Bxe5 25. dxe5 Kg7 26. Rd6 b5 27.
Qd4 Ra7 28. Bc6 h4 29. Rd1 Rc7 30. f4 Bb7 31. Bxb7 Rxb7 32. Rxa6 Rc8 33. Qd6
Qc7 34. Qxc7 Rbxc7 35. Rad6 Rc4 36. R6d4 Rxd4 37. Rxd4 Rc1+ 38. Kf2 Rc2+ 39.
Kf3 Rxa2 40. Rb4 h3 41. gxh3 Ra5 42. Kg3 Kf8 43. Kg4 Ke7 44. Kg5 Kd7 45. Rb1
Kc6 46. h4 Ra2 47. Rc1+ Kb6 48. Kf6 Ra7 49. h5 gxh5 50. h4 b4 51. Kg5 Ra2 52.
Kf6 Rf2 53. Kxf7 Rxf4+ 54. Kxe6 Rxh4 55. Kd5 Rh2 56. Kd6 Rd2+ 57. Ke7 Kb5 58.
Rh1 b3 59. Rxh5 b2 60. e6+ Kc4 61. Rh1 Rc2 62. Rb1 Kb3 63. Kd8 Rd2+ 64. Kc8
 1/2-1/2

[Event "Niederoesterreichische Landesliga"]
[Site "Verschiedene"]
[Date "2019.01.27"]
[Round "7"]
[Board "3"]
[White "Zwettler, Martin"]
[Black "Eidenberger, Otto"]
[Result "1-0"]
[WhiteElo "2218"]
[BlackElo "1978"]
[PlyCount "58"]
[EventDate "2018.09.30"]
[EventType "team"]
[EventRounds "11"]
[EventCountry "AUT"]
[WhiteTeam "SK Zwettl"]
[BlackTeam "SK Advisory Invest Baden"]

1. c4 e5 2. g3 Nc6 3. Nc3 a6 4. Bg2 Bc5 5. e3 d6 6. Nge2 Bg4 7. h3 Be6 8. d4
Bxc4 9. dxc5 dxc5 10. O-O Nge7 11. b3 Bd3 12. Ba3 b6 13. Qd2 Qd6 14. Rfd1 Rd8
15. Nc1 Bg6 16. Qe2 Qe6 17. Rxd8+ Nxd8 18. Qxa6 O-O 19. N1e2 Ndc6 20. Rd1 h5
21. Qb7 Bf5 22. Kh2 e4 23. Nf4 Qe5 24. Ncd5 Rc8 25. Rd2 Qa1 26. Nxe7+ Nxe7 27.
Bxe4 Qf6 28. Bb2 Qg5 29. h4 Qg4  1-0

[Event "Niederoesterreichische Landesliga"]
[Site "Verschiedene"]
[Date "2019.01.27"]
[Round "7"]
[Board "1"]
[White "Hofmann, Thomas"]
[Black "Schmidrathner, Christian"]
[Result "0-1"]
[WhiteElo "2257"]
[BlackElo "2080"]
[PlyCount "76"]
[EventDate "2018.09.30"]
[EventType "team"]
[EventRounds "11"]
[EventCountry "AUT"]
[WhiteTeam "SGM Mistelbach/Altlichtenwarth"]
[BlackTeam "SGM Bisamberg/Korneuburg"]

1. d4 Nf6 2. c4 d6 3. Nc3 Nbd7 4. Nf3 e5 5. Bg5 Be7 6. e3 c6 7. Qc2 O-O 8.
O-O-O Qa5 9. Bd3 h6 10. h4 hxg5 11. hxg5 e4 12. Bxe4 Re8 13. Rh4 Nxe4 14. Qxe4
Nf8 15. Rdh1 f5 16. gxf6 Bf5 17. Rh8+ Kf7 18. fxg7 Ne6 19. R8h5 Qxc3+ 20. bxc3
Bxe4 21. c5 Bxf3 22. Rf5+ Kg8 23. gxf3 dxc5 24. Rh8+ Kxg7 25. Rh2 Kg8 26. Rfh5
Bf6 27. Rf5 Bg7 28. Rg2 Rf8 29. Re5 Rae8 30. f4 cxd4 31. cxd4 Kf7 32. Ra5 a6
33. Kd2 Bf6 34. Rg1 Rg8 35. Rb1 Re7 36. Ra3 Rg2 37. Ke2 Bh4 38. Rf1 Nxd4+  0-1

[Event "Niederoesterreichische Landesliga"]
[Site "Verschiedene"]
[Date "2019.01.27"]
[Round "7"]
[Board "2"]
[White "Pammer, Andreas"]
[Black "Vrana, Frantisek"]
[Result "0-1"]
[WhiteElo "2086"]
[BlackElo "2252"]
[PlyCount "76"]
[EventDate "2018.09.30"]
[EventType "team"]
[EventRounds "11"]
[EventCountry "AUT"]
[WhiteTeam "SGM Bisamberg/Korneuburg"]
[BlackTeam "SGM Mistelbach/Altlichtenwarth"]

1. c4 f5 2. Nc3 Nf6 3. g3 g6 4. Bg2 Bg7 5. d4 O-O 6. Nf3 d6 7. O-O Qe8 8. Bg5
c6 9. Qc1 e5 10. dxe5 dxe5 11. Bh6 e4 12. Nd4 Qe5 13. Bxg7 Kxg7 14. Rd1 Na6 15.
Rb1 Bd7 16. a3 h5 17. b4 h4 18. Qf4 Qxf4 19. gxf4 Kf7 20. e3 Rg8 21. Bh3 Rad8
22. Kh1 Nc7 23. a4 Be6 24. Nxe6 Kxe6 25. Rxd8 Rxd8 26. Rd1 Rxd1+ 27. Nxd1 Na6
28. b5 Nc5 29. Nc3 a5 30. Bf1 Nfd7 31. Kg2 Nb6 32. Ne2 Nbxa4 33. Nd4+ Kd6 34.
Kh3 Nb2 35. Kxh4 a4 36. Kg5 Ne6+ 37. Kxg6 Nxd4 38. exd4 a3  0-1

[Event "Niederoesterreichische Landesliga"]
[Site "Verschiedene"]
[Date "2019.01.27"]
[Round "7"]
[Board "3"]
[White "Teuber, Andreas"]
[Black "Wetscherek, Gerhard"]
[Result "0-1"]
[WhiteElo "2169"]
[BlackElo "2074"]
[PlyCount "80"]
[EventDate "2018.09.30"]
[EventType "team"]
[EventRounds "11"]
[EventCountry "AUT"]
[WhiteTeam "SGM Mistelbach/Altlichtenwarth"]
[BlackTeam "SGM Bisamberg/Korneuburg"]

1. d4 Nf6 2. c4 d6 3. Nf3 g6 4. g3 Bg7 5. Bg2 O-O 6. O-O c6 7. Nc3 Qc7 8. h3 e5
9. e4 Nbd7 10. Be3 Re8 11. Qc2 b6 12. Rfd1 Bb7 13. Rd2 a6 14. Rad1 Rad8 15. b4
Nh5 16. dxe5 dxe5 17. c5 bxc5 18. bxc5 Nf8 19. Qb3 Rxd2 20. Rxd2 Ne6 21. Rb2
Re7 22. Qb6 f5 23. Qxc7 Rxc7 24. Ng5 Nxg5 25. Bxg5 f4 26. g4 Nf6 27. Bxf6 Bxf6
28. Rd2 Be7 29. Na4 Bc8 30. Bf1 Be6 31. Rb2 Rd7 32. Bxa6 Rd4 33. Nc3 Bxc5 34.
Bb7 Rb4 35. Nd1 Rxe4 36. Nc3 Rc4 37. Rb3 Bd4 38. Ne4 Rc1+ 39. Kg2 Bxb3 40. axb3
Kg7  0-1

[Event "Niederoesterreichische Landesliga"]
[Site "Verschiedene"]
[Date "2019.01.27"]
[Round "7"]
[Board "4"]
[White "Ayatollahi, Ehsan"]
[Black "Hajek, Oskar"]
[Result "0-1"]
[WhiteElo "1926"]
[BlackElo "2147"]
[PlyCount "40"]
[EventDate "2018.09.30"]
[EventType "team"]
[EventRounds "11"]
[EventCountry "AUT"]
[WhiteTeam "SGM Bisamberg/Korneuburg"]
[BlackTeam "SGM Mistelbach/Altlichtenwarth"]

1. d4 c5 2. d5 e5 3. c4 d6 4. Nc3 Nf6 5. e4 Nbd7 6. Nf3 Be7 7. Be2 O-O 8. O-O
a6 9. a4 Rb8 10. Ne1 h6 11. Nd3 Nh7 12. b4 cxb4 13. Nxb4 Nc5 14. Rb1 Bd7 15.
Nd3 b6 16. f4 Nxd3 17. Qxd3 Bf6 18. Be3 Qc7 19. Rb4 exf4 20. Bxf4 Qc5+  0-1

[Event "Niederoesterreichische Landesliga"]
[Site "Verschiedene"]
[Date "2019.02.17"]
[Round "8"]
[Board "1"]
[White "Hofegger, Jakob"]
[Black "Hofmann, Thomas"]
[Result "1-0"]
[WhiteElo "2128"]
[BlackElo "2257"]
[PlyCount "55"]
[EventDate "2018.09.30"]
[EventType "team"]
[EventRounds "11"]
[EventCountry "AUT"]
[WhiteTeam "SK Advisory Invest Baden"]
[BlackTeam "SGM Mistelbach/Altlichtenwarth"]

1. Nf3 c5 2. g3 d5 3. Bg2 Nf6 4. O-O Nc6 5. d3 e6 6. Nbd2 Be7 7. e4 b6 8. Re1
Bb7 9. c3 Qc7 10. Qe2 h6 11. a3 O-O-O 12. b4 Ba6 13. c4 dxc4 14. Nxc4 Bxc4 15.
dxc4 cxb4 16. c5 Bxc5 17. Be3 Nd7 18. axb4 Bxe3 19. Qxe3 Nxb4 20. Nd4 Nc5 21.
Nb5 Qd7 22. Nxa7+ Kb7 23. e5+ Nd5 24. Reb1 Qe7 25. Qa3 Ra8 26. Rxb6+ Kxb6 27.
Qa5+ Kb7 28. Rb1+  1-0

[Event "Niederoesterreichische Landesliga"]
[Site "Verschiedene"]
[Date "2019.02.17"]
[Round "8"]
[Board "2"]
[White "Vrana, Frantisek"]
[Black "Zojer, Stefan"]
[Result "1/2-1/2"]
[WhiteElo "2252"]
[BlackElo "2125"]
[PlyCount "153"]
[EventDate "2018.09.30"]
[EventType "team"]
[EventRounds "11"]
[EventCountry "AUT"]
[WhiteTeam "SGM Mistelbach/Altlichtenwarth"]
[BlackTeam "SK Advisory Invest Baden"]

1. e4 e5 2. Nf3 Nc6 3. Bb5 a6 4. Bxc6 dxc6 5. O-O Bg4 6. h3 Bh5 7. g4 Bg6 8.
Nxe5 Qh4 9. Qf3 f6 10. Nxg6 hxg6 11. Kg2 Bd6 12. d4 Ne7 13. Nd2 g5 14. Nc4 Bf4
15. Ne3 O-O-O 16. c3 Ng6 17. Rh1 Qh7 18. Nf5 Rde8 19. Be3 Re6 20. Rae1 Rhe8 21.
Bxf4 Nxf4+ 22. Kg1 g6 23. h4 gxf5 24. gxf5 Nh3+ 25. Rxh3 g4 26. Qf4 gxh3 27.
fxe6 Qg8+ 28. Qg3 Qxe6 29. Kh2 Qxa2 30. Qxh3+ Kb8 31. Re2 Qb1 32. Qg4 Qd1 33.
Qg6 Qxe2 34. Qxe8+ Ka7 35. Kg3 f5 36. Qg6 fxe4 37. Qf5 Qe1 38. Qf4 Qg1+ 39. Kh3
Qg6 40. b4 Qe6+ 41. Kh2 Qg6 42. Qg5 Qd6+ 43. Qe5 Qg6 44. Qg5 Qd6+ 45. Kg2 b6
46. h5 Qf8 47. h6 Qf3+ 48. Kg1 Qd1+ 49. Kh2 Qf3 50. Qg3 Qh5+ 51. Qh3 Qe2 52.
Kg2 e3 53. Qxe3 Qg4+ 54. Qg3 Qe4+ 55. Kh2 Kb7 56. Qh3 Qf4+ 57. Kg2 Qe4+ 58. Kg3
Qg6+ 59. Kf4 Qf6+ 60. Ke3 Qg5+ 61. f4 Qg1+ 62. Ke2 Qc1 63. Kd3 Qb1+ 64. Ke3
Qe1+ 65. Kd3 Qb1+ 66. Ke3 Qe1+ 67. Kd3 Qb1+ 68. Ke2 Qc2+ 69. Kf1 Qc1+ 70. Kg2
Qc2+ 71. Kg3 Qd3+ 72. Kh4 Qg6 73. Qd7 Qxh6+ 74. Kg4 Qg6+ 75. Kh4 Qh6+ 76. Kg4
Qg6+ 77. Kh4  1/2-1/2

[Event "Niederoesterreichische Landesliga"]
[Site "Verschiedene"]
[Date "2019.02.17"]
[Round "8"]
[Board "3"]
[White "Herndlbauer, Martin"]
[Black "Teuber, Andreas"]
[Result "1/2-1/2"]
[WhiteElo "2058"]
[BlackElo "2169"]
[PlyCount "22"]
[EventDate "2018.09.30"]
[EventType "team"]
[EventRounds "11"]
[EventCountry "AUT"]
[WhiteTeam "SK Advisory Invest Baden"]
[BlackTeam "SGM Mistelbach/Altlichtenwarth"]

1. c4 e6 2. Nf3 d5 3. d4 Nf6 4. cxd5 exd5 5. Nc3 c6 6. Bg5 Be7 7. Qd2 O-O 8. e3
Nbd7 9. Bd3 Re8 10. h3 Nf8 11. Bf4 Bd6  1/2-1/2

[Event "Niederoesterreichische Landesliga"]
[Site "Verschiedene"]
[Date "2019.02.17"]
[Round "8"]
[Board "4"]
[White "Hajek, Oskar"]
[Black "Geismann, Bernhard"]
[Result "1-0"]
[WhiteElo "2147"]
[BlackElo "2038"]
[PlyCount "27"]
[EventDate "2018.09.30"]
[EventType "team"]
[EventRounds "11"]
[EventCountry "AUT"]
[WhiteTeam "SGM Mistelbach/Altlichtenwarth"]
[BlackTeam "SK Advisory Invest Baden"]

1. e4 e5 2. Nf3 Nc6 3. Bb5 a6 4. Bxc6 dxc6 5. Nc3 f6 6. d4 exd4 7. Qxd4 Qxd4 8.
Nxd4 Bb4 9. Bf4 Bd6 10. Be3 Bd7 11. O-O-O c5 12. Nb3 b6 13. Nd5 Ne7 14. Nxb6
 1-0

[Event "Niederoesterreichische Landesliga"]
[Site "Verschiedene"]
[Date "2019.02.17"]
[Round "8"]
[Board "1"]
[White "Froewis, Georg"]
[Black "Blatny, Pavel"]
[Result "1-0"]
[WhiteElo "2419"]
[BlackElo "2336"]
[PlyCount "83"]
[EventDate "2018.09.30"]
[EventType "team"]
[EventRounds "11"]
[EventCountry "AUT"]
[WhiteTeam "SGM Voest Krems"]
[BlackTeam "SK Zwettl"]

1. Nf3 d6 2. d4 g6 3. e4 Bg7 4. Be2 Nd7 5. c4 c5 6. O-O Qb6 7. Nc3 cxd4 8. Na4
Qd8 9. Nxd4 Ngf6 10. Nc3 Nc5 11. f3 O-O 12. Be3 a5 13. Ndb5 b6 14. a3 Bb7 15.
b4 Ncd7 16. Qb3 Ne8 17. Rac1 Kh8 18. Rfd1 axb4 19. axb4 Rc8 20. Na4 f5 21. exf5
gxf5 22. c5 bxc5 23. bxc5 f4 24. Bf2 dxc5 25. Nxc5 Nxc5 26. Rxc5 Qa5 27. Nd6
Qxc5 28. Bxc5 exd6 29. Bd4 Rc7 30. Qb2 Nf6 31. Bd3 Nd5 32. Bxg7+ Rxg7 33. Rc1
Rfg8 34. Be4 Re8 35. Qd4 Re5 36. Rb1 Bc6 37. Rb8+ Rg8 38. Rxg8+ Kxg8 39. Qc4
Bb7 40. Qb5 Nb6 41. Qxb6 Bxe4 42. Qxd6  1-0

[Event "Niederoesterreichische Landesliga"]
[Site "Verschiedene"]
[Date "2019.02.17"]
[Round "8"]
[Board "2"]
[White "Vyskocil, Neklan"]
[Black "Enoeckl, Philipp"]
[Result "1/2-1/2"]
[WhiteElo "2315"]
[BlackElo "2294"]
[PlyCount "38"]
[EventDate "2018.09.30"]
[EventType "team"]
[EventRounds "11"]
[EventCountry "AUT"]
[WhiteTeam "SK Zwettl"]
[BlackTeam "SGM Voest Krems"]

1. d4 Nf6 2. c4 g6 3. Nc3 Bg7 4. g3 O-O 5. Bg2 d6 6. Nf3 Nc6 7. d5 Na5 8. Nd2
c5 9. O-O a6 10. Rb1 Rb8 11. a3 b5 12. cxb5 axb5 13. b4 cxb4 14. axb4 Qc7 15.
bxa5 Qxc3 16. Nb3 Bf5 17. Bd2 Qc4 18. Rc1 Qa4 19. Ra1 Qc4  1/2-1/2

[Event "Niederoesterreichische Landesliga"]
[Site "Verschiedene"]
[Date "2019.02.17"]
[Round "8"]
[Board "3"]
[White "Woeber, Friedrich"]
[Black "Zwettler, Martin"]
[Result "1/2-1/2"]
[WhiteElo "2134"]
[BlackElo "2218"]
[PlyCount "24"]
[EventDate "2018.09.30"]
[EventType "team"]
[EventRounds "11"]
[EventCountry "AUT"]
[WhiteTeam "SGM Voest Krems"]
[BlackTeam "SK Zwettl"]

1. e4 c5 2. d4 e6 3. c3 d5 4. e5 Bd7 5. Be3 Qb6 6. Qd2 Nc6 7. Nf3 cxd4 8. cxd4
Bb4 9. Nc3 Na5 10. Bd3 Rc8 11. O-O Nc4 12. Qe2 Ne7  1/2-1/2

[Event "Niederoesterreichische Landesliga"]
[Site "Verschiedene"]
[Date "2019.02.17"]
[Round "8"]
[Board "1"]
[White "Loeffler, Stefan"]
[Black "Khalakhan, Jurij"]
[Result "1-0"]
[WhiteElo "2365"]
[BlackElo "2219"]
[PlyCount "52"]
[EventDate "2018.09.30"]
[EventType "team"]
[EventRounds "11"]
[EventCountry "AUT"]
[WhiteTeam "ASVOE VHS Poechlarn"]
[BlackTeam "SGM Litschau/Eisgarn"]

1. Nf3 Nf6 2. c4 g6 3. d4 Bg7 4. Nc3 d6 5. e4 O-O 6. Be2 e5 7. Bg5 c6 8. Qd2
Nbd7 9. Rd1 Qa5 10. O-O Re8 11. d5 cxd5 12. Nxd5 Qxd2 13. Nxd2 Nxd5 14. cxd5 f5
15. exf5 gxf5 16. Bh5 Rf8 17. Be7 Rf6 18. Bxf6 Nxf6 19. Be2 Bd7 20. f4 e4 21.
Nc4 Ne8 22. b3 Kf8 23. h3 Ke7 24. g4 Rc8 25. Kf2 Nc7 26. Ne3 Nb5  1-0

[Event "Niederoesterreichische Landesliga"]
[Site "Verschiedene"]
[Date "2019.02.17"]
[Round "8"]
[Board "2"]
[White "Wagner, Stefan"]
[Black "Ganaus, Hannes"]
[Result "0-1"]
[WhiteElo "2146"]
[BlackElo "2290"]
[PlyCount "63"]
[EventDate "2018.09.30"]
[EventType "team"]
[EventRounds "11"]
[EventCountry "AUT"]
[WhiteTeam "SGM Litschau/Eisgarn"]
[BlackTeam "ASVOE VHS Poechlarn"]

1. c4 e5 2. g3 Nc6 3. Bg2 f5 4. Nc3 Nf6 5. d3 Bb4 6. Bd2 O-O 7. e3 Bxc3 8. Bxc3
d5 9. cxd5 Nxd5 10. d4 e4 11. h4 Be6 12. Ne2 Qd7 13. Qd2 a5 14. O-O Bf7 15.
Rae1 Rfe8 16. Nc1 Qd6 17. Kh2 Nf6 18. f3 Bd5 19. f4 Bf7 20. Bh3 Qd5 21. Qd1 Bh5
22. Qb3 Bg4 23. Qxd5+ Nxd5 24. Bxg4 fxg4 25. Bd2 Nce7 26. Nb3 b6 27. Rc1 Rac8
28. Rc4 Kf7 29. Kg2 Ke6 30. Na1 h6 31. Nc2 Nf5 32. Na3  0-1

[Event "Niederoesterreichische Landesliga"]
[Site "Verschiedene"]
[Date "2019.02.17"]
[Round "8"]
[Board "3"]
[White "Weinzettl, Ernst"]
[Black "Plasil, Jiri"]
[Result "0-1"]
[WhiteElo "2220"]
[BlackElo "2048"]
[PlyCount "67"]
[EventDate "2018.09.30"]
[EventType "team"]
[EventRounds "11"]
[EventCountry "AUT"]
[WhiteTeam "ASVOE VHS Poechlarn"]
[BlackTeam "SGM Litschau/Eisgarn"]

1. e4 d5 2. exd5 Qxd5 3. Nc3 Qa5 4. Bc4 Nf6 5. d3 Bg4 6. f3 Bd7 7. Bd2 Qb6 8.
Qe2 e6 9. Nh3 Bd6 10. Ng5 O-O 11. Nge4 Nxe4 12. fxe4 c5 13. O-O Nc6 14. Kh1 Qd8
15. Qh5 Ne5 16. Rae1 Nxc4 17. dxc4 f6 18. Bf4 Bxf4 19. Rxf4 Qe7 20. Kg1 Rad8
21. Rh4 g6 22. Qh6 Qg7 23. Qe3 b6 24. Ne2 e5 25. Ng3 Be6 26. b3 Qd7 27. Qh6 Rf7
28. h3 Qd2 29. Re3 Qxc2 30. Re2 Rd1+ 31. Kh2 Qc1 32. Re3 Qd2 33. Nh5 gxh5 34.
Rxh5  0-1

[Event "Niederoesterreichische Landesliga"]
[Site "Verschiedene"]
[Date "2019.02.17"]
[Round "8"]
[Board "3"]
[White "Mostbauer, Florian"]
[Black "Wadsack, Wolfgang"]
[Result "1/2-1/2"]
[WhiteElo "2342"]
[BlackElo "2165"]
[PlyCount "126"]
[EventDate "2018.09.30"]
[EventType "team"]
[EventRounds "11"]
[EventCountry "AUT"]
[WhiteTeam "KSV Boehlerwerk"]
[BlackTeam "SV Amstetten"]

1. e4 d5 2. exd5 Nf6 3. c4 c6 4. Nc3 cxd5 5. d4 Nc6 6. Nf3 Bg4 7. cxd5 Nxd5 8.
Qb3 Bxf3 9. gxf3 Nb6 10. Be3 e6 11. O-O-O Qc8 12. Kb1 Be7 13. Rg1 g6 14. Bh6
Qd7 15. d5 exd5 16. Nxd5 Qf5+ 17. Qd3 Qxd3+ 18. Rxd3 O-O-O 19. Nxe7+ Nxe7 20.
Bh3+ f5 21. Rc1+ Nc6 22. Ra3 a6 23. Bf1 Rd6 24. Be3 Nd5 25. Bc5 Rd7 26. Bxa6
bxa6 27. Bd4 Re8 28. Rxc6+ Rc7 29. Rxc7+ Nxc7 30. Re3 Ne6 31. Be5 Kb7 32. Bc3
Kc6 33. Re5 Nc7 34. Rxe8 Nxe8 35. Kc2 Nc7 36. Kd3 Kd5 37. Bd2 Nb5 38. Be3 Nd6
39. b3 Nb5 40. a4 Nd6 41. Bf4 Nb7 42. b4 Nd8 43. Be3 Ne6 44. Kc3 f4 45. Ba7 Ng5
46. Bb8 Ne6 47. Kd3 h6 48. Kc3 Nd4 49. h4 h5 50. Bc7 Nxf3 51. Bd8 Nd4 52. Bf6
Nf5 53. Kd3 Nd6 54. Bg5 Nc4 55. Bf6 Nb6 56. b5 Nxa4 57. bxa6 Nc5+ 58. Ke2 Nxa6
59. Kf3 Ke6 60. Bg5 Kf5 61. Bxf4 Nc5 62. Bg5 Ne6 63. Be7 Nf4  1/2-1/2

[Event "Niederoesterreichische Landesliga"]
[Site "Verschiedene"]
[Date "2019.02.17"]
[Round "8"]
[Board "4"]
[White "Rechberger, Franz"]
[Black "Danner, Lambert"]
[Result "1-0"]
[WhiteElo "2106"]
[BlackElo "2041"]
[PlyCount "43"]
[EventDate "2018.09.30"]
[EventType "team"]
[EventRounds "11"]
[EventCountry "AUT"]
[WhiteTeam "SV Amstetten"]
[BlackTeam "KSV Boehlerwerk"]

1. e4 d6 2. d4 Nf6 3. Nc3 Nbd7 4. Nf3 e5 5. Bc4 Be7 6. O-O c6 7. a4 O-O 8. Bb3
exd4 9. Qxd4 Nc5 10. Bc4 Ncxe4 11. Nxe4 Nxe4 12. Qxe4 d5 13. Bxd5 cxd5 14. Qd3
Bf6 15. c3 Be6 16. Be3 Qc7 17. Bd4 Bxd4 18. Nxd4 Qc4 19. Qg3 Rac8 20. Rfe1 Rfe8
21. Nb5 Bf5 22. Nd6  1-0

[Event "Niederoesterreichische Landesliga"]
[Site "Verschiedene"]
[Date "2019.02.17"]
[Round "8"]
[Board "1"]
[White "Schroll, Gerhard"]
[Black "Polak, Tomas"]
[Result "0-1"]
[WhiteElo "2303"]
[BlackElo "2503"]
[PlyCount "98"]
[EventDate "2018.09.30"]
[EventType "team"]
[EventRounds "11"]
[EventCountry "AUT"]
[WhiteTeam "ASK Kottingbrunn"]
[BlackTeam "SV Stockerau"]

1. d4 Nf6 2. Nf3 e6 3. Bg5 c5 4. e3 h6 5. Bh4 b6 6. Nbd2 Bb7 7. Bd3 Be7 8. c3
Nc6 9. Qe2 O-O 10. O-O cxd4 11. exd4 Nh5 12. Bxe7 Nxe7 13. g3 Nf6 14. Ne4 Nxe4
15. Bxe4 Qc7 16. Bxb7 Qxb7 17. Ne5 b5 18. a3 d6 19. Nd3 a5 20. f4 Qd5 21. Rae1
Rfe8 22. g4 Rab8 23. Qf3 Qxf3 24. Rxf3 g6 25. Rfe3 Kf8 26. Kg2 Nd5 27. R3e2
Rec8 28. f5 exf5 29. gxf5 g5 30. h4 b4 31. axb4 axb4 32. Nxb4 Nf4+ 33. Kf3 Nxe2
34. Rxe2 Rb5 35. d5 Rc4 36. hxg5 hxg5 37. Re4 Rxe4 38. Kxe4 Rxb4+ 39. cxb4 f6
40. Kf3 Ke7 41. Kg4 Kd7 42. Kh5 Kc7 43. b3 Kb6 44. Kg6 g4 45. Kxf6 g3 46. Ke7
g2 47. f6 g1=Q 48. f7 Qg7 49. b5 Kc7  0-1